Convenio entre España, Estados Unidos, Francia y Gran Bretaña relativo a la eliminación del potencial económico situado en España susceptible de constituir un peligro para la paz y de liquidación de saldos y reclamaciones de pago entre los gobiernos de España y de Alemania y protocolos ejecutivo y financiero complementarios del mismo / (Record no. 47185)

MARC details
000 -LEADER
campo de control de longitud fija 00956nam a2200181 i 4500
001 - NÚMERO DE CONTROL
campo de control 47185
003 - IDENTIFICADOR DE NÚMERO DE CONTROL
campo de control ES-MaACL
005 - FECHA Y HORA DE LA ÚLTIMA TRANSACCIÓN
campo de control 20230906161522.0
007 - CAMPO FIJO DE DESCRIPCIÓN FÍSICA--INFORMACIÓN GENERAL
campo de control de longitud fija t|
008 - DATOS DE LONGITUD FIJA--INFORMACIÓN GENERAL
campo de control de longitud fija 030404s1948 sp z |||| | spa d
110 1# - ENTRADA PRINCIPAL--NOMBRE DE ENTIDAD CORPORATIVA
Nombre de entidad corporativa o nombre de jurisdicción como elemento de entrada España.
Unidad subordinada Ministerio de Asuntos Exteriores.
-- Registro de Tratados.
9 (RLIN) 168910
245 10 - MENCIÓN DEL TÍTULO
Título Convenio entre España, Estados Unidos, Francia y Gran Bretaña relativo a la eliminación del potencial económico situado en España susceptible de constituir un peligro para la paz y de liquidación de saldos y reclamaciones de pago entre los gobiernos de España y de Alemania y protocolos ejecutivo y financiero complementarios del mismo /
Mención de responsabilidad, etc. Ministerio de Asuntos Exteriores, Registro de Tratados.
260 ## - PUBLICACIÓN, DISTRIBUCIÓN, ETC.
Lugar de publicación, distribución, etc. Madrid :
Nombre del editor, distribuidor, etc. Ministerio de Asuntos Exteriores,
Fecha de publicación, distribución, etc. 1948.
300 ## - DESCRIPCIÓN FÍSICA
Extensión 21 p. ;
Dimensiones 23 cm.
650 #4 - PUNTO DE ACCESO ADICIONAL DE MATERIA--TÉRMINO DE MATERIA
Término de materia o nombre geográfico como elemento de entrada Reducción de la deuda.
9 (RLIN) 168911
710 1# - ENTRADA AGREGADA--NOMBRE DE ENTIDAD CORPORATIVA
Nombre de entidad corporativa o nombre de jurisdicción como elemento de entrada España.
Unidad subordinada Ministerio de Asuntos Exteriores.
9 (RLIN) 3845
852 ## - LOCALIZACIÓN
Ubicación ES-MaACL
Número de control de estantería 1560-F-17
Holdings
Estatus retirado Estado de pérdida Estado de daño No para préstamo Colección Biblioteca de origen Biblioteca actual Ubicación en estantería Fecha de adquisición Fuente de adquisición Total de préstamos Signatura topográfica completa Código de barras Visto por última vez Precio de reemplazo Tipo de ítem Koha
        Colección de folletos Biblioteca del Ateneo de Madrid Biblioteca del Ateneo de Madrid Depósito folletos 17/01/2008     1560-F-17 1049630 23/02/2023 23/02/2023 Folleto